• 首页
  • 本馆介绍
  • 公告通知
  • 最新文献
  • 馆藏检索
  • 电子资源
  • 读者导购
  • 参考咨询
  • 我的图书馆
  • 登录
  • 详细信息显示
  • 放入我的书架
  • 预约/预借图书
  • 作者相关作品
  • 分类相关作品
  • 丛书相关作品
  • 出版社相关作品

书目信息

  • 表格格式
  • 工作单格式
  • 卡片格式
题名:
业余无线电计算图表
    
 
作者: 唐远炎 编
分册:  
出版信息: 北京   人民邮电出版社  1981
页数: 106页
开本: 25cm
丛书名: 无线电爱好者丛书
单 册:
中图分类: TN302
科图分类:
主题词: 电信设备--图表 , 半导体技术
电子资源:
ISBN:
000 00731nam2 2200265 45
001 0181004012
005 20060814110407.95
010    @dCNY0.56
091    @a15045.总2493-无6143
100    @a19950516d1981 em y0chiy0121 ea
101 0  @achi
102    @aCN@b110000
105    @ak o 000yy
200 10 @a业余无线电计算图表@Aye yu wu xian dian ji suan tu biao@f唐远炎编
210    @a北京@c人民邮电出版社@d1981
215    @a106页@d25cm
225 2  @a无线电爱好者丛书
410  0 @120010@a无线电爱好者丛书
606    @a电信设备@x图表
606 0  @a半导体技术
690    @aTN302
701  0 @a唐远炎@Atang yuan yan@4编
801  2 @aCN@bNLC@c20060814
801  0 @aCN@b上海图书馆@c20040519
905    @f4@b73927-930@dTN302@e18
    
    业余无线电计算图表/唐远炎编.-北京:人民邮电出版社,1981
    106页;25cm.-(无线电爱好者丛书)
    
    
    ISBN :CNY0.56
    
●
相关链接 在E读中查询图书 在五车中查询图书 在当当中查询图书 在豆瓣中查询图书


正题名:业余无线电计算图表     索取号:TN302/18         预约/预借

序号 登录号 条形码 馆藏地/架位号 状态 备注
1 0073927   001351575   第三借阅区/ [索取号:TN302/18] 在馆    
2 0073928   001351619   密集书库/ [索取号:TN302/18] 在馆    
3 0073929   001351655   密集书库/ [索取号:TN302/18] 在馆    
4 0073930   001351496   密集书库/ [索取号:TN302/18] 在馆    
5 0073931   001351539   第二样本阅览室/ [索取号:TN302/18] 在馆    
6 0458153   204581531   密集书库/ [索取号:TN302/18] 在馆    
唐山师范学院图书馆 欢迎您!
大连网信软件有限公司© 版权所有